Codex alimentarius Vol.13 Methods of analysis and sampling; Joint FAO and WHO food standards programme codex alimentarius commission

Gespeichert in:
Bibliographische Detailangaben
1. Verfasser: FAO
Format: Buch
Sprache:Undetermined
Veröffentlicht: Rome FAO 1994
Schlagworte:
Tags: Tag hinzufügen
Keine Tags, Fügen Sie den ersten Tag hinzu!
Thư viện lưu trữ: Trung tâm Học liệu Trường Đại học Cần Thơ
LEADER 00579nam a2200193Ia 4500
001 CTU_4273
008 210402s9999 xx 000 0 und d
082 |a 640 
082 |b C669/V13 
100 |a FAO 
245 0 |a Codex alimentarius Vol.13 
245 0 |b Methods of analysis and sampling; Joint FAO and WHO food standards programme codex alimentarius commission 
245 0 |c FAO, OMS 
260 |a Rome 
260 |b FAO 
260 |c 1994 
650 |a food supply 
904 |i Nguyễn Quang Điền, 960530 
980 |a Trung tâm Học liệu Trường Đại học Cần Thơ